| 000 | 00540nam a2200181Ia 4500 | ||
|---|---|---|---|
| 003 | IN-BaIIA | ||
| 008 | 211028s9999 xx 000 0 eng d | ||
| 040 | _cIIA Library | ||
| 080 |
_a521.13 _bOGO |
||
| 100 |
_aOgorodnikov, K. F. _96128 |
||
| 245 | 0 |
_aDynamics of stellar systems _cK. F. Ogorodnikov |
|
| 260 |
_aOxford _bPergamon Press _c1965 |
||
| 300 | _axii, 359p. | ||
| 650 | _aAstronomy and astrophysics thesaurus | ||
| 650 | _aStellar dynamics | ||
| 650 | _aStellar motions | ||
| 942 | _cBK | ||
| 999 |
_c3463 _d3463 |
||